<?xml version="1.0" encoding="UTF-8"?>
<record
    xmlns:xsi="http://www.w3.org/2001/XMLSchema-instance"
    xsi:schemaLocation="http://www.loc.gov/MARC21/slim http://www.loc.gov/standards/marcxml/schema/MARC21slim.xsd"
    xmlns="http://www.loc.gov/MARC21/slim">

  <leader>00660nam a22002297a 4500</leader>
  <controlfield tag="005">20240626165157.0</controlfield>
  <controlfield tag="008">240626b        |||||||| |||| 00| 0 eng d</controlfield>
  <datafield tag="020" ind1=" " ind2=" ">
    <subfield code="a">1405116951</subfield>
    <subfield code="c">Rs.764.00</subfield>
  </datafield>
  <datafield tag="040" ind1=" " ind2=" ">
    <subfield code="a">Loreto College</subfield>
  </datafield>
  <datafield tag="041" ind1=" " ind2=" ">
    <subfield code="a">English</subfield>
  </datafield>
  <datafield tag="082" ind1=" " ind2=" ">
    <subfield code="a">155</subfield>
    <subfield code="b">WOO</subfield>
  </datafield>
  <datafield tag="100" ind1=" " ind2=" ">
    <subfield code="a">Wood,Clare</subfield>
  </datafield>
  <datafield tag="245" ind1=" " ind2=" ">
    <subfield code="a">Developmental psychology in action</subfield>
    <subfield code="c">Clare Wood,Karen Littleton and Kieron Sheehy</subfield>
  </datafield>
  <datafield tag="260" ind1=" " ind2=" ">
    <subfield code="a">Malden</subfield>
    <subfield code="b">Blackwell Publishing </subfield>
    <subfield code="c">2006</subfield>
  </datafield>
  <datafield tag="300" ind1=" " ind2=" ">
    <subfield code="a">241p</subfield>
    <subfield code="b">22cm</subfield>
  </datafield>
  <datafield tag="504" ind1=" " ind2=" ">
    <subfield code="a">Includes index</subfield>
  </datafield>
  <datafield tag="650" ind1=" " ind2=" ">
    <subfield code="a">Developmental psychology</subfield>
  </datafield>
  <datafield tag="700" ind1=" " ind2=" ">
    <subfield code="4">Auth</subfield>
    <subfield code="a">Littleton,Karen</subfield>
  </datafield>
  <datafield tag="700" ind1=" " ind2=" ">
    <subfield code="4">Auth</subfield>
    <subfield code="a">Sheehy,Kieron</subfield>
  </datafield>
  <datafield tag="850" ind1=" " ind2=" ">
    <subfield code="a">LCLIB</subfield>
    <subfield code="b">Psychology PG</subfield>
  </datafield>
  <datafield tag="942" ind1=" " ind2=" ">
    <subfield code="c">BK</subfield>
  </datafield>
  <datafield tag="999" ind1=" " ind2=" ">
    <subfield code="c">43802</subfield>
    <subfield code="d">94281</subfield>
  </datafield>
  <datafield tag="952" ind1=" " ind2=" ">
    <subfield code="0">0</subfield>
    <subfield code="1">0</subfield>
    <subfield code="2">ddc</subfield>
    <subfield code="4">0</subfield>
    <subfield code="7">0</subfield>
    <subfield code="a">MAIN</subfield>
    <subfield code="b">MAIN</subfield>
    <subfield code="c">PsychologyPG</subfield>
    <subfield code="d">2024-06-26</subfield>
    <subfield code="g">764.00</subfield>
    <subfield code="l">0</subfield>
    <subfield code="o">155 WOO PG240</subfield>
    <subfield code="p">47946</subfield>
    <subfield code="r">2024-06-26</subfield>
    <subfield code="w">2024-06-26</subfield>
    <subfield code="y">BK</subfield>
    <subfield code="f"></subfield>
  </datafield>
</record>
